| 000 | 00930nam a22002777a 4500 | ||
|---|---|---|---|
| 005 | 20111010111625.0 | ||
| 008 | 111010t xxu||||| |||| 00| 0 eng d | ||
| 010 | _aENG-103920 | ||
| 020 |
_a9788120343900 _c425.00 |
||
| 035 | _aEN-87453 | ||
| 037 | _bDBAD / PUB | ||
| 040 |
_adpl _bEng |
||
| 082 | _a004.165 | ||
| 100 |
_924913 _aMathur, Sunil |
||
| 245 |
_aMicroprocessor 8085 and its interfacing / _cby Sunil Mathur |
||
| 250 | _a2nd ed | ||
| 260 |
_aNew Delhi _bPHI Learning _c2011 |
||
| 270 |
_aM-97, Connaught Circus _bNew Delhi _e110001 |
||
| 300 |
_axxv,686p. : _c24cm (pbk) _bill. |
||
| 500 | _aIncludes index | ||
| 650 |
_935248 _aMotorola 8085 |
||
| 650 |
_aMicroprocessor _935369 |
||
| 700 | _924920 | ||
| 942 |
_2ddc _cEN _mMAT _h004.165 |
||
| 999 |
_c57444 _d57444 |
||